Statistics for Länder som är närmast Luxemburg (med en karta)

Click here to take the quiz!

General Stats

  • This quiz has been taken 94 times
  • The average score is 8 of 20

Answers on the Map

Answers color-coded by a green-red scale on the quiz's map according to % correct below.
 

Answer Stats

land% Correct
Frankrike
93%
Belgien
90%
Tyskland
90%
Nederländerna
81%
Schweiz
73%
Italien
54%
Storbritannien
51%
Sverige
50%
Danmark
44%
Österrike
44%
Spanien
30%
Polen
26%
Tjeckien
26%
Liechtenstein
19%
Monaco
14%
San Marino
11%
Slovenien
10%
Ungern
10%
Slovakien
9%
Kroatien
3%

Score Distribution

Percentile by Number Answered

Percent of People with Each Score

Your Score History

You have not taken this quiz